| 000 | 00814nam a2200217 a 4500 | ||
|---|---|---|---|
| 005 | 20210223125425.0 | ||
| 008 | 040827s1997 mx r 000 0 spa d | ||
| 020 | _a9686951318 | ||
| 035 | _aUPN01000134432 | ||
| 049 | _aCG | ||
| 050 | 4 |
_aHV875.58 M6.2 _bO2 |
|
| 100 | 1 | _aNúñez Miranda, Concepción Silvia | |
| 245 | 1 | 0 |
_aAves sin nido : _bquince historias de vida : las madres de los niños y las niñas de la calle / _cConcepción Núñez Miranda. |
| 260 |
_aOaxaca : _bInstituto Oaxaqueño de las Culturas : _bFondo Estatal para la Cultura y las Artes, _c1997. |
||
| 300 | _a317 p. | ||
| 440 | 0 |
_aDishá. _pAntropología |
|
| 650 | 4 |
_aNIÑOS DE LA CALLE - _zOAXACA _917156 |
|
| 650 | 4 |
_aMADRES DE NIÑOS DE LA CALLE - _zOAXACA - _vENTREVISTAS _917155 |
|
| 650 | 4 |
_aPOBREZA - _zOAXACA _917157 |
|
| 905 | _aLibro | ||
| 999 |
_c106583 _d106583 |
||